| 000 | 00492nam a2200157Ia 4500 | ||
|---|---|---|---|
| 008 | 210716s2011 xx 000 0 und d | ||
| 020 | _a9788132106241 | ||
| 041 | _aeng | ||
| 082 | _a651.7 QUIK | ||
| 100 | _aQuintanilla, Kelly M; Wahl, Shawn T. | ||
| 245 |
_aBusiness and professional communication: keys for workplace excellence. _bKeys for workplace excellence. |
||
| 250 | _a1 | ||
| 260 |
_aNew Delhi _bSage Publications _c2011 |
||
| 300 | _axxi;351 | ||
| 650 | _aBusiness Communication | ||
| 999 |
_c207454 _d207454 |
||